000
00325nam a2200133Ia 4500
008
220204s9999 xx 000 0 und d
082
_a
532
_b
VEN
100
_a
Street, Robert L
245
0
_a
Elementary fluid mechanics
250
_a
Ed.5
260
_a
New York
_b
John Wiley
_c
1976
700
_a
Vennard, John K
942
_c
BK
999
_c
30632
_d
30632